000 00470nam a2200169 4500
001 44257
090 _a44257
100 _a20250224 pory50
101 _apor
102 _aPt
200 _aO Manifesto Capitalista
_eo mercado livre global irá salvar o mundo Como? Porquê?
_fJohan Norberg
_gtrad. Sara Sousa Gomes
210 _aLisboa
_cGuerrra e Paz
_d2024
215 _a276 p.
225 _aOs Livros não se rendem
675 _a338
801 _aPT
_gRPC
990 _cLIVROS